| 000 | 00439nam a2200157Ia 4500 | ||
|---|---|---|---|
| 005 | 20241220092700.0 | ||
| 008 | 231217s9999 xx 000 0 und d | ||
| 020 | _a9788188849499 | ||
| 082 | _a621.381952 SAM1;1 R | ||
| 100 | _aSamuel, Sudhaker R D. | ||
| 245 | 3 | _aAn illustrative approach to logic design | |
| 260 |
_c2008 _bSanguine Technical Publishers _aBangalore |
||
| 300 | _a439 | ||
| 650 | _aillustrative,logic | ||
| 942 | _cAA | ||
| 999 |
_c181928 _d181928 |
||